Bệnh Marek một mô hình khối u truyền nhiễm

שמור ב:
מידע ביבליוגרפי
מחבר ראשי: Lê Văn Năm
פורמט: ספר
שפה:Undetermined
יצא לאור: H. Nông nghiệp 2003
נושאים:
תגים: הוספת תג
אין תגיות, היה/י הראשונ/ה לתייג את הרשומה!
Thư viện lưu trữ: Trung tâm Học liệu Trường Đại học Cần Thơ
LEADER 00548nam a2200205Ia 4500
001 CTU_60252
008 210402s9999 xx 000 0 und d
020 |b 12600 
082 |a 636.5089696 
082 |b N114 
100 |a Lê Văn Năm 
245 0 |a Bệnh Marek một mô hình khối u truyền nhiễm 
245 0 |c Lê Văn Năm 
260 |a H. 
260 |b Nông nghiệp 
260 |c 2003 
650 |a poultry 
650 |x diseases 
904 |i Minh 
980 |a Trung tâm Học liệu Trường Đại học Cần Thơ